000 00420nam a22001697a 4500
003 OSt
005 20220128095753.0
008 220128b |||||||| |||| 00| 0 eng d
020 _a0210596237
040 _cHU
082 _a621.36
100 _aEfford Nick
_928989
245 _aDigital Image Processing A Practical Introduction Using Java
260 _aHong Kong
_bNew York
300 _f340
942 _2ddc
_cBOOKS
_n0
999 _c28302
_d28302